000 00316nam a22001337a 4500
008 171023b xxu||||| |||| 00| 0 eng d
020 _a9780324178296
041 _aeng
080 _210 ED
_a338
100 _a54
101 _aMEN
245 _aFUNDAMENTALS OF FINANCIAL MANAGEMENT
_cBRIGHA,.H
942 _2udc
_cBK
999 _c35369
_d35369